000 00456nam a2200181Ia 4500
001 4337
005 20260306145748.0
008 260306t1988||||xx |||||||||||||| ||spa||
041 _aESP
082 _a320.98
_bF369
100 _aFox, Elizabeth
_eAUT
245 0 _aMedia and politics in latin América:
_bthe struggle for democracy
260 _c1988
300 _a188 páginas :
_c21 cm.
650 _aGEN
654 _aCDE
942 _cLIB
_dJUS
_fJUS
_2ddc
_n
999 _c4337
_d4337